000 00609nam a2200241Ia 4500
003 OSt
005 20221005085354.0
006 a|||||r|||| 00| 0
007 ta
008 221004b |||||||| |||| 00| 0 eng d
024 _a66717
037 _cTextual
040 _aCRL
_cCRL
_beng
041 _2eng
_aeng
082 _aV58:1:N5, J64
100 _aCharques Richard
245 0 _aShort history of Russia
260 _aNew York
_bE P Dutton
_c1956
300 _a248p.
_ccm.
650 _aHISTORY
942 _hV58:1:N5, J64
_cTEXL
_2cc
999 _c994123
_d994123